Normal view
MARC view
- Poder (Ciencias sociales)
Entry Término temático
001 - NÚMERO DE CONTROL
- campo de control: 6542
003 - IDENTIFICADOR DEL NÚMERO DE CONTROL
- campo de control: ES-StUEA
005 - FECHA Y HORA DE LA ÚLTIMA TRANSACCIÓN
- campo de control: 20260421105251.0
008 - DATOS DE LONGITUD FIJA
- campo de control de longitud fija: 260421|| aca||aabn | a|a d
040 ## - FUENTE DE LA CATALOGACIÓN
- Centro catalogador/agencia de origen: ES-StUEA
- Centro/agencia transcriptor: ES-StUEA
150 ## - ENCABEZAMIENTO--TÉRMINO DE MATERIA
- Término de materia o nombre geográfico como elemento de entrada: Poder (Ciencias sociales)
670 ## - FUENTE DE DATOS ENCONTRADOS
- Cita de la fuente: Work cat.: (ES-StUEA)0: Reig, Ramón 6541, Poder, Comunicación, Vida : La cosa, 2026